<?xml version="1.0" encoding="UTF-8"?>
<collection xmlns="http://www.loc.gov/MARC21/slim">
    <record>
        <controlfield tag="001">67624</controlfield>
        <controlfield tag="005">20180223094954.0</controlfield>
        <datafield tag="037" ind1=" " ind2=" ">
            <subfield code="a">GDOC-2016-30334</subfield>
        </datafield>
        <datafield tag="041" ind1=" " ind2=" ">
            <subfield code="a">spa</subfield>
        </datafield>
        <datafield tag="100" ind1=" " ind2=" ">
            <subfield code="0">(orcid)0000-0002-2796-5916</subfield>
            <subfield code="1">384651</subfield>
            <subfield code="a">Mingo Sanz, Jesús De</subfield>
        </datafield>
        <datafield tag="245" ind1="0" ind2="0">
            <subfield code="9">30334</subfield>
            <subfield code="a">Tecnologías de radiofrecuencia</subfield>
        </datafield>
        <datafield tag="260" ind1=" " ind2=" ">
            <subfield code="a">Zaragoza</subfield>
            <subfield code="b">Universidad de Zaragoza</subfield>
            <subfield code="c">2016-2017</subfield>
        </datafield>
        <datafield tag="520" ind1=" " ind2=" ">
            <subfield code="a">Breve presentación de la asignatura
La asignatura Tecnologías de Radiofrecuencia se corresponde con una asignatura Obligatoria dentro del Itinerario o Tecnología Específica de Sistemas de Telecomunicación. En concreto, forma parte de la materia de Tecnologías de Transmisión de la Información constituida por otras asignaturas cuyo objetivo es que el estudiante adquiera competencias relacionadas con los procedimientos, arquitecturas y dispositivos propios de los equipos de comunicaciones actuales. En la asignatura se pretende dar al estudiante una visión de los distintos sistemas que utilizan las bandas propias de RF, identificar y analizar las características de los componentes de los circuitos de comunicaciones  y presentar las técnicas de diseño de los sistemas transmisores y receptores más sencillos de una cadena de radiofrecuencia. Todo ello se complementará con un conjunto de prácticas de laboratorio y seminarios con el fin de afianzar los aspectos básicos presentados en las clases de teoría.</subfield>
            <subfield code="b"> </subfield>
        </datafield>
        <datafield tag="521" ind1=" " ind2=" ">
            <subfield code="9">145</subfield>
            <subfield code="a">Ingeniería de Tecnologías y Servicios de Telecomunicación</subfield>
        </datafield>
        <datafield tag="540" ind1=" " ind2=" ">
            <subfield code="a">by-nc-sa</subfield>
            <subfield code="b">Creative Commons</subfield>
            <subfield code="c">3.0</subfield>
            <subfield code="u">http://creativecommons.org/licenses/by-nc-sa/3.0/</subfield>
        </datafield>
        <datafield tag="700" ind1=" " ind2=" ">
            <subfield code="0">(orcid)0000-0001-5849-5198</subfield>
            <subfield code="1">444969</subfield>
            <subfield code="a">Carro Ceballos, Pedro Luis</subfield>
        </datafield>
        <datafield tag="830" ind1=" " ind2=" ">
            <subfield code="9">438</subfield>
        </datafield>
        <datafield tag="856" ind1="4" ind2=" ">
            <subfield code="s">10671</subfield>
            <subfield code="u">http://zaguan.unizar.es/record/67624/files/guia-30334-en.pdf</subfield>
            <subfield code="y">Guide (english)</subfield>
        </datafield>
        <datafield tag="856" ind1="4" ind2=" ">
            <subfield code="s">23240</subfield>
            <subfield code="u">http://zaguan.unizar.es/record/67624/files/guia-30334-es.pdf</subfield>
            <subfield code="y">Guía (idioma español)</subfield>
        </datafield>
        <datafield tag="970" ind1=" " ind2=" ">
            <subfield code="a">GDOC-2016-30334</subfield>
        </datafield>
        <datafield tag="980" ind1=" " ind2=" ">
            <subfield code="a">GDOC</subfield>
            <subfield code="b">Ingeniería y arquitectura</subfield>
            <subfield code="c">110</subfield>
        </datafield>
    </record>

    
</collection>